|
|
|
|
| LEADER |
00000nam0a2200000 4500 |
| 001 |
4616 |
| 005 |
20231030175140.0 |
| 010 |
|
|
|a 3884141392
|
| 035 |
|
|
|a (RuTPU)RU\TPU\book\4640
|
| 035 |
|
|
|a BOOK00004663
|
| 090 |
|
|
|a 4616
|
| 100 |
|
|
|a 20011209d1996 k y0gery50 ba
|
| 101 |
0 |
|
|a ger
|
| 102 |
|
|
|a DE
|
| 105 |
|
|
|a y z 000zy
|
| 200 |
1 |
|
|a Soteria im Gesprach
|e Uber eine alternative Schizophreniebehandlung
|f E. Aebi, L. Ciompi, H. Hansen
|
| 210 |
|
|
|a Bonn
|c Psychiatrie-Verlag
|d 1996
|
| 215 |
|
|
|a 188 p.
|
| 610 |
1 |
|
|a психология
|
| 610 |
1 |
|
|a психотерапия
|
| 610 |
1 |
|
|a личность
|
| 610 |
1 |
|
|a шизофрения
|
| 610 |
1 |
|
|a лечение
|
| 686 |
|
|
|a Ю937
|v LBC/SL-A
|2 rubbk
|
| 700 |
|
1 |
|a Aebi
|b E.
|g Elisabeth
|
| 701 |
|
1 |
|a Ciompi
|b L.
|g Luc
|
| 701 |
|
1 |
|a Hansen
|b H.
|g Hartwig
|
| 801 |
|
0 |
|a RU
|b 63413507
|c 20011209
|g PSBO
|
| 801 |
|
2 |
|a RU
|b 63413507
|c 20070226
|g PSBO
|
| 942 |
|
|
|c BK
|